000 00425 a2200133 4500
001 ART_26205
005 20260410161937.0
008 260409a
245 1 0 _aAdopción de las normas internacionales de información financiera en Argentina
100 1 _aMartín, Oscar D.
700 1 _aNannini, María Susana
700 1 _aVázquez, Claudia Mónica
773 0 _tSaberEs
_g- Nº 2 (jun. 2010)
_wREV26089
999 _c29097
_d29097